| 000 | 00615nam a2200205 a 4500 | ||
|---|---|---|---|
| 005 | 20240913063852.0 | ||
| 008 | 991125s1996 mx 000 0 spa u | ||
| 020 | _a9686581731 | ||
| 035 | _aUPN01000020699 | ||
| 049 | _aCG | ||
| 050 | 4 |
_aJC423 _bS5.3 |
|
| 100 | 1 |
_aSilva Herzog Márquez, Jesús J., _d1965- _928308 |
|
| 245 | 1 | 0 |
_aEsferas de la democracia / _cJesús J. Silva-Herzog Márquez. |
| 260 |
_aMéxico : _bIFE, _c1996. |
||
| 300 | _a57 p. | ||
| 440 | 0 |
_aCuadernos de divulgación de la cultura democrática ; _v9 |
|
| 650 | 4 |
_aCiencias políticas _96023 |
|
| 650 | 4 |
_aDemocracia _96020 |
|
| 905 | _aLibro | ||
| 999 |
_c20699 _d20699 |
||